Statistics for Breakaway States Closest to Azerbaijan

Click here to take the quiz!

General Stats

  • This quiz has been taken 35 times
    (29 since last reset)
  • The average score is 4 of 6

Answer Stats

Answer% Correct
Abkhazia
92%
South Ossetia
92%
Artsakh
75%
Palestine
42%
Northern Cyprus
38%
Kosovo
29%

Score Distribution

Percentile by Number Answered

Percent of People with Each Score

Your Score History

You have not taken this quiz since the last reset